000 00294nam a2200133Ia 4500
008 230917s9999||||xx |||||||||||||| ||und||
020 _cRS30
040 _e190915
_aMAIN
041 _aEnglish
082 _a954.5 I1S
100 _aSaiyad, Iqbal Ali
245 0 _aSafarnama Punjab
942 _cBK
999 _c53640
_d53640